Ancient India. (Record no. 22668)
[ view plain ]
| 000 -LEADER | |
|---|---|
| fixed length control field | 00756cam a22002891 4500 |
| 001 - CONTROL NUMBER | |
| control field | 9381090 |
| 003 - CONTROL NUMBER IDENTIFIER | |
| control field | BDDh-ASL |
| 005 - DATE AND TIME OF LATEST TRANSACTION | |
| control field | 20231015030142.0 |
| 008 - FIXED-LENGTH DATA ELEMENTS--GENERAL INFORMATION | |
| fixed length control field | 850311s19741962ii a 001 0 eng |
| 010 ## - LIBRARY OF CONGRESS CONTROL NUMBER | |
| LC control number | sa 63002260 |
| 035 ## - SYSTEM CONTROL NUMBER | |
| System control number | (OCoLC)11790600 |
| 040 ## - CATALOGING SOURCE | |
| Original cataloging agency | DLC |
| Transcribing agency | OWoC |
| Modifying agency | DLC |
| -- | BDDh-ASL |
| 042 ## - AUTHENTICATION CODE | |
| Authentication code | premarc |
| 043 ## - GEOGRAPHIC AREA CODE | |
| Geographic area code | a-ii--- |
| 045 ## - TIME PERIOD OF CONTENT | |
| Time period code | a0o0 |
| 050 00 - LIBRARY OF CONGRESS CALL NUMBER | |
| Classification number | DS451 |
| Item number | .M18 1962 |
| 082 ## - DEWEY DECIMAL CLASSIFICATION NUMBER | |
| Classification number | 370 |
| Item number | MAA |
| 100 1# - MAIN ENTRY--PERSONAL NAME | |
| Personal name | Mahajan, Vidya Dhar. |
| 245 10 - TITLE STATEMENT | |
| Title | Ancient India. |
| 250 ## - EDITION STATEMENT | |
| Edition statement | [2d ed.] |
| 260 ## - PUBLICATION, DISTRIBUTION, ETC. | |
| Place of publication, distribution, etc. | Delhi, |
| Name of publisher, distributor, etc. | S. Chand, |
| Date of publication, distribution, etc. | 1974. |
| 300 ## - PHYSICAL DESCRIPTION | |
| Extent | 674 p. |
| Other physical details | illus. |
| Dimensions | 23 cm. |
| 651 #0 - SUBJECT ADDED ENTRY--GEOGRAPHIC NAME | |
| Geographic name | India |
| General subdivision | History |
| Chronological subdivision | To 324 B.C. |
| 651 #0 - SUBJECT ADDED ENTRY--GEOGRAPHIC NAME | |
| Geographic name | India |
| General subdivision | History |
| Chronological subdivision | 324 B.C.-1000 A.D. |
| 906 ## - LOCAL DATA ELEMENT F, LDF (RLIN) | |
| a | 7 |
| b | cbc |
| c | oclcrpl |
| d | u |
| e | ncip |
| f | 19 |
| g | y-gencatlg |
| 942 ## - ADDED ENTRY ELEMENTS (KOHA) | |
| Source of classification or shelving scheme | Dewey Decimal Classification |
| Koha item type | Books |
| Withdrawn status | Lost status | Source of classification or shelving scheme | Damaged status | Not for loan | Collection code | Home library | Current library | Shelving location | Date acquired | Source of acquisition | Total Checkouts | Full call number | Barcode | Date last seen | Copy number | Price effective from | Koha item type |
|---|---|---|---|---|---|---|---|---|---|---|---|---|---|---|---|---|---|
| Dewey Decimal Classification | Non-fiction | Asiatic Society Library | Asiatic Society Library | General Stacks | 03/02/2021 | ASB Collection | 370 MAA | 106955 | 03/02/2021 | C-1 | 03/02/2021 | Books |